Nuclear Nightmares (Record no. 335063)
[ view plain ]
| 000 -LEADER | |
|---|---|
| fixed length control field | 00528nam a2200097Ia 4500 |
| 008 - FIXED-LENGTH DATA ELEMENTS--GENERAL INFORMATION | |
| fixed length control field | 170517s9999 xx 000 0 und d |
| 245 ## - TITLE STATEMENT | |
| Title | Nuclear Nightmares |
| 300 ## - PHYSICAL DESCRIPTION | |
| Extent | Nuclear Nightmares talks about how radiophobia, the fear of radioactivity, is widespread and yet not based on scientific evidence. After the Chernobyl accident, a lot of death toll numbers appeared in the news, some close to 400.000 people dead, but the reality is the... |
| 650 ## - SUBJECT ADDED ENTRY--TOPICAL TERM | |
| General subdivision | Technology. |
| 856 ## - ELECTRONIC LOCATION AND ACCESS | |
| Uniform Resource Identifier | <a href="http://topdocumentaryfilms.com/nuclear-nightmares/">http://topdocumentaryfilms.com/nuclear-nightmares/</a> |
| Withdrawn status | Lost status | Damaged status | Home library | Current library | Date acquired | Total Checkouts | Date last seen | Price effective from | Koha item type |
|---|---|---|---|---|---|---|---|---|---|
| College Library | College Library | 05/17/2017 | 05/17/2017 | 05/17/2017 | Documentary Films |